The new forest (Record no. 63045)
[ view plain ]
| 000 -LEADER | |
|---|---|
| fixed length control field | 00823cam a2200217 4500 |
| 001 - CONTROL NUMBER | |
| control field | WB3613-11 |
| 008 - FIXED-LENGTH DATA ELEMENTS--GENERAL INFORMATION | |
| fixed length control field | 000000n2000 000 0 eng u |
| 035 ## - SYSTEM CONTROL NUMBER | |
| System control number | (Sirsi) u105136 |
| 245 #4 - TITLE STATEMENT | |
| Title | The new forest |
| 260 ## - PUBLICATION, DISTRIBUTION, ETC. | |
| Date of publication, distribution, etc. | 2000 |
| 490 ## - SERIES STATEMENT | |
| Series statement | Guardian |
| Volume/sequential designation | 30 March 2000, 2.2-2.3(3) |
| 520 ## - SUMMARY, ETC. | |
| Summary, etc. | An environmental committee of the Scottish parliament has recommended that all telecommunications masts should be required to apply for planning permission and that local authorities should adopt the principle of keeping masts away from schools, hospitals and residential areas. Case study. |
| 590 ## - LOCAL NOTE (RLIN) | |
| Local note | WB |
| 650 ## - SUBJECT ADDED ENTRY--TOPICAL TERM | |
| Topical term or geographic name entry element | TELECOMMUNICATIONS MASTS |
| 650 ## - SUBJECT ADDED ENTRY--TOPICAL TERM | |
| Topical term or geographic name entry element | MOBILE PHONE MASTS |
| 650 ## - SUBJECT ADDED ENTRY--TOPICAL TERM | |
| Topical term or geographic name entry element | HEALTH AND SAFETY |
| 9 (RLIN) | 6244 |
| 650 ## - SUBJECT ADDED ENTRY--TOPICAL TERM | |
| Topical term or geographic name entry element | RADIATION |
| 650 ## - SUBJECT ADDED ENTRY--TOPICAL TERM | |
| Topical term or geographic name entry element | HEALTH HAZARDS |
| 690 ## - LOCAL SUBJECT ADDED ENTRY--TOPICAL TERM (OCLC, RLIN) | |
| Topical term or geographic name as entry element | Health and safety |
| 9 (RLIN) | 6244 |
| 942 ## - ADDED ENTRY ELEMENTS (KOHA) | |
| Suppress in OPAC | 0 |
| Withdrawn status | Lost status | Source of classification or shelving scheme | Damaged status | Not for loan | Home library | Current library | Shelving location | Date acquired | Total Checkouts | Full call number | Barcode | Date last seen | Copy number | Price effective from | Koha item type |
|---|---|---|---|---|---|---|---|---|---|---|---|---|---|---|---|
| Dewey Decimal Classification | London | London | News article | 30/03/2000 | WB3613-11 | 105136-1001 | 06/08/2019 | 1 | 06/08/2019 | News article |